Library Banner

Digital landscape architecture now (Record no. 55333)

MARC details
000 -LEADER
fixed length control field 00460nam a2200181Ia 4500
001 - CONTROL NUMBER
control field 58067
008 - FIXED-LENGTH DATA ELEMENTS--GENERAL INFORMATION
fixed length control field 140507s9999 xx 000 0 und d
020 ## - INTERNATIONAL STANDARD BOOK NUMBER
International Standard Book Number 9780500342824
040 ## - CATALOGING SOURCE
Transcribing agency PK-LaUMT
082 ## - DEWEY DECIMAL CLASSIFICATION NUMBER
Classification number 712
Item number AMO-D
100 ## - MAIN ENTRY--PERSONAL NAME
Personal name Amoroso, Nadia
245 ## - TITLE STATEMENT
Title Digital landscape architecture now
Statement of responsibility, etc Amoroso, Nadia
260 ## - PUBLICATION, DISTRIBUTION, ETC. (IMPRINT)
Place of publication, distribution, etc London,UK:
Name of publisher, distributor, etc Thames and Hudson,
Date of publication, distribution, etc 2012
300 ## - PHYSICAL DESCRIPTION
Extent 304 p.
546 ## - LANGUAGE NOTE
Language note EN
650 ## - SUBJECT ADDED ENTRY--TOPICAL TERM
Topical term or geographic name as entry element Landscape architecture
942 ## - ADDED ENTRY ELEMENTS (KOHA)
Koha item type Books
Holdings
Withdrawn status Lost status Damaged status Not for loan Home library Current library Date acquired Total Checkouts Full call number Barcode Date last seen Date checked out Price effective from Koha item type
        UMT Main Campus UMT Main Campus 2014-05-07 2 712 AMO-D 78098 2016-08-02 2016-07-26 2014-05-08 Books